Raperzy Na Literę B - Statystyki

Ogólne statystyki
  • Ten quiz został rozwiązany 383 razy
  • Średni wynik to 4 z 11
Statystyki odpowiedzi
Hint Odpowiedź % Poprawnych
1 Bedoes
93%
3 Białas
85%
2 Beteo
58%
9 Borixon
52%
7 Belmondo
25%
5 BRO
24%
10 Bonus RPK
21%
4 Bisz
16%
6 Bezczel
14%
11 Buka
14%
8 Bilon
6%
Nie znaleziono quizów pasujących do podanych kryteriów
Rozkład punktacji
Procent ludzi z każdym wynikiem
Percentyl według liczby udzielonych odpowiedzi
Twoja historia wyników
Nie rozwiązałeś tego quizu